[Event "DEM U18w 2024"]
[Site "Willingen GER"]
[Date "2024.05.20"]
[Round "3"]
[White "Schmidt, Luise"]
[Black "Racky, Selina"]
[Result "1-0"]
[Termination "normal"]
[Board "7"]
[WhiteElo "1666"]
[BlackElo "1711"]
[WhiteClock "00:01:27"]
[BlackClock "00:02:27"]
[PlyCount "91"]
[WhiteFideId "16294475"]
[BlackFideId "16239440"]
[EventCountry "GER"]
[EventRounds "9"]
[EventType "swiss"]
[EventDate "2024.05.18"]

1. d4 {[%clk 01:30:58]} {[%emt 00:00:02]} d5 {[%clk 01:30:49]} {[%emt
00:00:12]} 2. c4 {[%clk 01:31:21]} {[%emt 00:00:06]} e6 {[%clk 01:31:12]}
{[%emt 00:00:07]} 3. Nc3 {[%clk 01:31:45]} {[%emt 00:00:06]} Nf6 {[%clk
01:31:36]} {[%emt 00:00:06]} 4. cxd5 {[%clk 01:32:07]} {[%emt 00:00:09]} Nxd5
{[%clk 01:31:54]} {[%emt 00:00:12]} 5. e4 {[%clk 01:32:22]} {[%emt 00:00:14]}
Nxc3 {[%clk 01:32:17]} {[%emt 00:00:08]} 6. bxc3 {[%clk 01:32:46]} {[%emt
00:00:06]} c5 {[%clk 01:32:43]} {[%emt 00:00:03]} 7. Nf3 {[%clk 01:32:28]}
{[%emt 00:00:48]} cxd4 {[%clk 01:32:51]} {[%emt 00:00:23]} 8. cxd4 {[%clk
01:32:44]} {[%emt 00:00:14]} Bb4+ {[%clk 01:32:47]} {[%emt 00:00:33]} 9. Bd2
{[%clk 01:32:51]} {[%emt 00:00:24]} Bxd2+ {[%clk 01:32:46]} {[%emt 00:00:31]}
10. Qxd2 {[%clk 01:33:09]} {[%emt 00:00:12]} O-O {[%clk 01:32:25]} {[%emt
00:00:51]} 11. Bc4 {[%clk 01:30:46]} {[%emt 00:02:52]} Qf6 {[%clk 01:27:24]}
{[%emt 00:05:30]} 12. O-O {[%clk 01:30:10]} {[%emt 00:01:07]} Rd8 {[%clk
01:19:59]} {[%emt 00:07:55]} 13. Rac1 {[%clk 01:20:58]} {[%emt 00:09:42]} Nc6
{[%clk 01:18:48]} {[%emt 00:01:40]} 14. Rfd1 {[%clk 01:20:00]} {[%emt
00:01:28]} Ne7 {[%clk 01:06:39]} {[%emt 00:12:40]} 15. Bb3 {[%clk 01:08:40]}
{[%emt 00:11:50]} Bd7 {[%clk 00:57:12]} {[%emt 00:09:57]} 16. Rc7 {[%clk
01:04:15]} {[%emt 00:04:55]} Bc6 {[%clk 00:54:16]} {[%emt 00:03:27]} 17. Qe2
{[%clk 00:46:56]} {[%emt 00:17:47]} Ng6 {[%clk 00:52:22]} {[%emt 00:02:24]} 18.
Qe3 {[%clk 00:40:02]} {[%emt 00:07:23]} h6 {[%clk 00:42:08]} {[%emt 00:10:45]}
19. d5 {[%clk 00:35:42]} {[%emt 00:04:51]} exd5 {[%clk 00:41:22]} {[%emt
00:01:15]} 20. exd5 {[%clk 00:33:45]} {[%emt 00:02:28]} Qd6 {[%clk 00:39:49]}
{[%emt 00:02:03]} 21. Rxf7 {[%clk 00:30:44]} {[%emt 00:03:31]} Bd7 {[%clk
00:36:43]} {[%emt 00:03:36]} 22. Rxd7 {[%clk 00:16:53]} {[%emt 00:14:21]} Rxd7
{[%clk 00:37:03]} {[%emt 00:00:10]} 23. Rd4 {[%clk 00:13:50]} {[%emt 00:03:29]}
Re7 {[%clk 00:35:02]} {[%emt 00:02:34]} 24. Qd3 {[%clk 00:12:03]} {[%emt
00:02:17]} Rae8 {[%clk 00:32:50]} {[%emt 00:02:43]} 25. Qc3 {[%clk 00:10:05]}
{[%emt 00:02:28]} Kh8 {[%clk 00:32:15]} {[%emt 00:01:04]} 26. Ba4 {[%clk
00:06:42]} {[%emt 00:03:53]} Qc5 {[%clk 00:26:57]} {[%emt 00:05:48]} 27. Rc4
{[%clk 00:05:43]} {[%emt 00:01:30]} Qxc4 {[%clk 00:26:56]} {[%emt 00:00:30]}
28. Qxc4 {[%clk 00:05:59]} {[%emt 00:00:15]} Re1+ {[%clk 00:26:26]} {[%emt
00:01:00]} 29. Nxe1 {[%clk 00:06:16]} {[%emt 00:00:12]} Rxe1+ {[%clk 00:26:52]}
{[%emt 00:00:04]} 30. Qf1 {[%clk 00:06:39]} {[%emt 00:00:08]} Rxf1+ {[%clk
00:27:17]} {[%emt 00:00:05]} 31. Kxf1 {[%clk 00:07:00]} {[%emt 00:00:09]} Nf8
{[%clk 00:24:52]} {[%emt 00:02:55]} 32. Ke2 {[%clk 00:07:10]} {[%emt 00:00:20]}
a6 {[%clk 00:23:40]} {[%emt 00:01:42]} 33. Ke3 {[%clk 00:07:11]} {[%emt
00:00:29]} Kg8 {[%clk 00:23:43]} {[%emt 00:00:26]} 34. Be8 {[%clk 00:06:31]}
{[%emt 00:01:10]} Nh7 {[%clk 00:21:52]} {[%emt 00:02:21]} 35. Kd4 {[%clk
00:05:14]} {[%emt 00:01:47]} Nf6 {[%clk 00:19:31]} {[%emt 00:02:51]} 36. Bg6
{[%clk 00:05:07]} {[%emt 00:00:33]} Kf8 {[%clk 00:16:48]} {[%emt 00:03:18]} 37.
d6 {[%clk 00:04:52]} {[%emt 00:00:45]} b6 {[%clk 00:16:17]} {[%emt 00:01:01]}
38. f3 {[%clk 00:03:41]} {[%emt 00:01:40]} a5 {[%clk 00:09:58]} {[%emt
00:06:49]} 39. Ke5 {[%clk 00:03:20]} {[%emt 00:00:50]} Nd7+ {[%clk 00:09:26]}
{[%emt 00:01:03]} 40. Ke6 {[%clk 00:03:26]} {[%emt 00:00:22]} Nc5+ {[%clk
00:09:17]} {[%emt 00:00:42]} 41. Kd5 {[%clk 00:03:20]} {[%emt 00:00:35]} a4
{[%clk 00:03:40]} {[%emt 00:06:08]} 42. Kc6 {[%clk 00:03:17]} {[%emt 00:00:32]}
a3 {[%clk 00:02:18]} {[%emt 00:01:53]} 43. Kxb6 {[%clk 00:02:54]} {[%emt
00:00:53]} Ne6 {[%clk 00:02:00]} {[%emt 00:00:47]} 44. Kc6 {[%clk 00:02:07]}
{[%emt 00:01:17]} Nd8+ {[%clk 00:02:16]} {[%emt 00:00:14]} 45. Kc7 {[%clk
00:01:21]} {[%emt 00:01:16]} Ne6+ {[%clk 00:02:27]} {[%emt 00:00:20]} 46. Kc8
{[%clk 00:01:27]} {[%emt 00:00:23]} 1-0

[Event "DEM U18w 2024"]
[Site "Willingen GER"]
[Date "2024.05.20"]
[Round "3"]
[White "Fischer, Darja"]
[Black "Frowein, Jamie"]
[Result "0-1"]
[Termination "normal"]
[Board "8"]
[WhiteElo "1843"]
[BlackElo "1719"]
[WhiteClock "00:17:31"]
[BlackClock "00:06:55"]
[PlyCount "170"]
[WhiteFideId "16240898"]
[BlackFideId "16282949"]
[EventCountry "GER"]
[EventRounds "9"]
[EventType "swiss"]
[EventDate "2024.05.18"]

1. d4 {[%clk 01:30:59]} {[%emt 00:00:01]} Nf6 {[%clk 01:30:55]} {[%emt
00:00:05]} 2. c4 {[%clk 01:31:25]} {[%emt 00:00:03]} e6 {[%clk 01:31:20]}
{[%emt 00:00:05]} 3. a3 {[%clk 01:31:52]} {[%emt 00:00:04]} Be7 {[%clk
01:29:34]} {[%emt 00:02:16]} 4. Nc3 {[%clk 01:32:13]} {[%emt 00:00:08]} d5
{[%clk 01:29:11]} {[%emt 00:00:53]} 5. Bg5 {[%clk 01:31:39]} {[%emt 00:01:04]}
O-O {[%clk 01:29:15]} {[%emt 00:00:27]} 6. Nf3 {[%clk 01:30:49]} {[%emt
00:01:19]} b6 {[%clk 01:29:02]} {[%emt 00:00:43]} 7. cxd5 {[%clk 01:29:44]}
{[%emt 00:01:36]} exd5 {[%clk 01:29:12]} {[%emt 00:00:20]} 8. Qc2 {[%clk
01:29:47]} {[%emt 00:00:26]} Bb7 {[%clk 01:28:07]} {[%emt 00:01:35]} 9. e3
{[%clk 01:29:42]} {[%emt 00:00:35]} c5 {[%clk 01:26:47]} {[%emt 00:01:50]} 10.
Bd3 {[%clk 01:28:25]} {[%emt 00:01:47]} h6 {[%clk 01:22:48]} {[%emt 00:04:29]}
11. Bh4 {[%clk 01:24:48]} {[%emt 00:04:06]} Nbd7 {[%clk 01:21:18]} {[%emt
00:02:01]} 12. O-O {[%clk 01:24:37]} {[%emt 00:00:41]} Re8 {[%clk 01:21:04]}
{[%emt 00:00:45]} 13. Bg3 {[%clk 01:18:58]} {[%emt 00:06:08]} Nf8 {[%clk
01:05:22]} {[%emt 00:16:11]} 14. Bb5 {[%clk 01:05:43]} {[%emt 00:13:46]} N8d7
{[%clk 01:02:05]} {[%emt 00:03:48]} 15. Ne5 {[%clk 01:03:33]} {[%emt 00:02:39]}
a6 {[%clk 00:59:33]} {[%emt 00:03:02]} 16. Bc6 {[%clk 01:00:24]} {[%emt
00:03:39]} Bxc6 {[%clk 00:55:50]} {[%emt 00:04:14]} 17. Nxc6 {[%clk 01:00:48]}
{[%emt 00:00:05]} Qc8 {[%clk 00:55:54]} {[%emt 00:00:27]} 18. Nxe7+ {[%clk
01:00:13]} {[%emt 00:01:04]} Rxe7 {[%clk 00:56:07]} {[%emt 00:00:17]} 19. Rfd1
{[%clk 00:55:00]} {[%emt 00:05:43]} Qb7 {[%clk 00:51:25]} {[%emt 00:05:12]} 20.
Qf5 {[%clk 00:51:41]} {[%emt 00:03:49]} c4 {[%clk 00:46:03]} {[%emt 00:05:52]}
21. Bh4 {[%clk 00:46:38]} {[%emt 00:05:32]} b5 {[%clk 00:40:22]} {[%emt
00:06:12]} 22. Re1 {[%clk 00:36:52]} {[%emt 00:10:16]} Rae8 {[%clk 00:36:57]}
{[%emt 00:03:55]} 23. Re2 {[%clk 00:34:27]} {[%emt 00:02:55]} a5 {[%clk
00:34:34]} {[%emt 00:02:54]} 24. a4 {[%clk 00:32:32]} {[%emt 00:02:24]} b4
{[%clk 00:31:16]} {[%emt 00:03:48]} 25. Nb5 {[%clk 00:30:03]} {[%emt 00:02:59]}
Qc6 {[%clk 00:30:39]} {[%emt 00:01:08]} 26. g4 {[%clk 00:21:09]} {[%emt
00:09:23]} Re4 {[%clk 00:18:26]} {[%emt 00:12:43]} 27. h3 {[%clk 00:21:32]}
{[%emt 00:00:07]} Nh7 {[%clk 00:16:18]} {[%emt 00:02:38]} 28. Bg3 {[%clk
00:18:43]} {[%emt 00:03:19]} Ng5 {[%clk 00:15:21]} {[%emt 00:01:27]} 29. Nc7
{[%clk 00:17:15]} {[%emt 00:01:58]} g6 {[%clk 00:14:39]} {[%emt 00:01:13]} 30.
Qxd5 {[%clk 00:14:47]} {[%emt 00:02:58]} Qxd5 {[%clk 00:14:23]} {[%emt
00:00:46]} 31. Nxd5 {[%clk 00:15:12]} {[%emt 00:00:05]} Nf3+ {[%clk 00:14:15]}
{[%emt 00:00:37]} 32. Kg2 {[%clk 00:13:58]} {[%emt 00:01:44]} Nxd4 {[%clk
00:14:35]} {[%emt 00:00:10]} 33. f3 {[%clk 00:14:18]} {[%emt 00:00:11]} Nxe2
{[%clk 00:14:30]} {[%emt 00:00:34]} 34. fxe4 {[%clk 00:14:44]} {[%emt
00:00:04]} Nxg3 {[%clk 00:14:21]} {[%emt 00:00:39]} 35. Kxg3 {[%clk 00:15:09]}
{[%emt 00:00:05]} Rxe4 {[%clk 00:14:32]} {[%emt 00:00:19]} 36. Kf3 {[%clk
00:15:15]} {[%emt 00:00:24]} Re6 {[%clk 00:13:16]} {[%emt 00:01:46]} 37. Rd1
{[%clk 00:12:00]} {[%emt 00:03:44]} Ne5+ {[%clk 00:11:40]} {[%emt 00:02:06]}
38. Ke2 {[%clk 00:12:22]} {[%emt 00:00:09]} Nd3 {[%clk 00:09:30]} {[%emt
00:02:40]} 39. Rd2 {[%clk 00:11:32]} {[%emt 00:01:20]} Kg7 {[%clk 00:05:59]}
{[%emt 00:04:00]} 40. Kd1 {[%clk 00:10:28]} {[%emt 00:01:34]} Rd6 {[%clk
00:04:22]} {[%emt 00:02:08]} 41. e4 {[%clk 00:09:45]} {[%emt 00:01:12]} f5
{[%clk 00:01:11]} {[%emt 00:03:41]} 42. b3 {[%clk 00:05:34]} {[%emt 00:04:42]}
fxe4 {[%clk 00:28:13]} {[%emt 00:03:28]} 43. bxc4 {[%clk 00:35:54]} {[%emt
00:00:10]} Rc6 {[%clk 00:26:34]} {[%emt 00:02:01]} 44. Rc2 {[%clk 00:33:06]}
{[%emt 00:03:26]} Kf7 {[%clk 00:22:37]} {[%emt 00:04:26]} 45. Kd2 {[%clk
00:27:43]} {[%emt 00:05:54]} Ke6 {[%clk 00:20:36]} {[%emt 00:02:30]} 46. Ne3
{[%clk 00:26:19]} {[%emt 00:01:53]} Nc5 {[%clk 00:19:35]} {[%emt 00:01:33]} 47.
Ra2 {[%clk 00:25:57]} {[%emt 00:00:51]} Nb3+ {[%clk 00:19:08]} {[%emt
00:00:58]} 48. Kc2 {[%clk 00:26:04]} {[%emt 00:00:22]} Nd4+ {[%clk 00:19:09]}
{[%emt 00:00:30]} 49. Kb2 {[%clk 00:26:16]} {[%emt 00:00:18]} Nf3 {[%clk
00:18:01]} {[%emt 00:01:38]} 50. Kb3 {[%clk 00:26:28]} {[%emt 00:00:17]} Nd4+
{[%clk 00:17:48]} {[%emt 00:00:44]} 51. Kb2 {[%clk 00:26:53]} {[%emt 00:00:05]}
Ke5 {[%clk 00:17:53]} {[%emt 00:00:25]} 52. Ra1 {[%clk 00:27:10]} {[%emt
00:00:12]} Nf3 {[%clk 00:17:03]} {[%emt 00:01:21]} 53. Rd1 {[%clk 00:26:00]}
{[%emt 00:01:40]} Rd6 {[%clk 00:16:36]} {[%emt 00:00:57]} 54. Nd5 {[%clk
00:25:35]} {[%emt 00:00:55]} h5 {[%clk 00:14:44]} {[%emt 00:02:22]} 55. gxh5
{[%clk 00:25:06]} {[%emt 00:00:59]} gxh5 {[%clk 00:15:10]} {[%emt 00:00:05]}
56. h4 {[%clk 00:24:02]} {[%emt 00:01:33]} Rg6 {[%clk 00:14:59]} {[%emt
00:00:40]} 57. Ne7 {[%clk 00:23:32]} {[%emt 00:01:01]} Rg2+ {[%clk 00:15:21]}
{[%emt 00:00:08]} 58. Kc1 {[%clk 00:23:49]} {[%emt 00:00:13]} Nd4 {[%clk
00:15:40]} {[%emt 00:00:12]} 59. Kb1 {[%clk 00:23:13]} {[%emt 00:01:05]} e3
{[%clk 00:15:48]} {[%emt 00:00:21]} 60. c5 {[%clk 00:23:34]} {[%emt 00:00:10]}
e2 {[%clk 00:15:50]} {[%emt 00:00:29]} 61. Rc1 {[%clk 00:23:10]} {[%emt
00:00:53]} Nb3 {[%clk 00:15:39]} {[%emt 00:00:40]} 62. Re1 {[%clk 00:21:34]}
{[%emt 00:02:05]} Nxc5 {[%clk 00:15:09]} {[%emt 00:01:02]} 63. Kc2 {[%clk
00:22:02]} {[%emt 00:00:02]} Nxa4 {[%clk 00:14:34]} {[%emt 00:01:05]} 64. Nc6+
{[%clk 00:22:27]} {[%emt 00:00:05]} Ke4 {[%clk 00:14:30]} {[%emt 00:00:34]} 65.
Nxa5 {[%clk 00:22:53]} {[%emt 00:00:03]} Nc5 {[%clk 00:13:02]} {[%emt
00:01:59]} 66. Kd2 {[%clk 00:23:17]} {[%emt 00:00:06]} Kf3 {[%clk 00:13:13]}
{[%emt 00:00:19]} 67. Nc6 {[%clk 00:23:01]} {[%emt 00:00:46]} Ne4+ {[%clk
00:12:19]} {[%emt 00:01:24]} 68. Kd3 {[%clk 00:19:41]} {[%emt 00:03:49]} Ng3
{[%clk 00:11:45]} {[%emt 00:01:05]} 69. Nxb4 {[%clk 00:19:56]} {[%emt
00:00:15]} Kf2 {[%clk 00:11:25]} {[%emt 00:00:49]} 70. Nc2 {[%clk 00:20:03]}
{[%emt 00:00:24]} Rh2 {[%clk 00:10:06]} {[%emt 00:01:49]} 71. Rb1 {[%clk
00:17:39]} {[%emt 00:02:54]} Rxh4 {[%clk 00:09:24]} {[%emt 00:01:12]} 72. Rb8
{[%clk 00:18:03]} {[%emt 00:00:06]} Rh3 {[%clk 00:08:35]} {[%emt 00:01:19]} 73.
Rf8+ {[%clk 00:18:01]} {[%emt 00:00:32]} Nf5+ {[%clk 00:07:12]} {[%emt
00:01:53]} 74. Kd2 {[%clk 00:18:26]} {[%emt 00:00:04]} Rf3 {[%clk 00:07:23]}
{[%emt 00:00:20]} 75. Ne1 {[%clk 00:17:38]} {[%emt 00:01:17]} Nd4 {[%clk
00:07:03]} {[%emt 00:00:51]} 76. Nd3 {[%clk 00:16:49]} {[%emt 00:01:19]} Kf1
{[%clk 00:06:48]} {[%emt 00:01:46]} 77. Rxf3+ {[%clk 00:15:26]} {[%emt
00:01:49]} Nxf3+ {[%clk 00:07:11]} {[%emt 00:00:07]} 78. Ke3 {[%clk 00:15:54]}
{[%emt 00:00:02]} e1=Q+ {[%clk 00:05:30]} {[%emt 00:02:11]} 79. Nxe1 {[%clk
00:16:11]} {[%emt 00:00:12]} Nxe1 {[%clk 00:05:57]} {[%emt 00:00:04]} 80. Kf4
{[%clk 00:16:22]} {[%emt 00:00:19]} h4 {[%clk 00:06:10]} {[%emt 00:00:17]} 81.
Kg4 {[%clk 00:16:34]} {[%emt 00:00:17]} Ng2 {[%clk 00:06:34]} {[%emt 00:00:07]}
82. Kh3 {[%clk 00:16:18]} {[%emt 00:00:46]} Kg1 {[%clk 00:06:55]} {[%emt
00:00:09]} 83. Kg4 {[%clk 00:16:45]} {[%emt 00:00:03]} Kh2 {[%clk 00:07:14]}
{[%emt 00:00:11]} 84. Kf3 {[%clk 00:17:11]} {[%emt 00:00:04]} h3 {[%clk
00:07:23]} {[%emt 00:00:21]} 85. Kf2 {[%clk 00:17:31]} {[%emt 00:00:09]} Ne3
{[%clk 00:06:55]} {[%emt 00:00:58]} 0-1

[Event "DEM U18w 2024"]
[Site "Willingen GER"]
[Date "2024.05.20"]
[Round "3"]
[White "Kanno, Clara Yumi"]
[Black "Wimmer, Katharina"]
[Result "1/2-1/2"]
[Termination "normal"]
[Board "9"]
[WhiteElo "1736"]
[BlackElo "1641"]
[WhiteClock "00:09:37"]
[BlackClock "00:08:11"]
[PlyCount "60"]
[WhiteFideId "16259661"]
[BlackFideId "16265947"]
[EventCountry "GER"]
[EventRounds "9"]
[EventType "swiss"]
[EventDate "2024.05.18"]

1. d4 {[%clk 01:30:56]} {[%emt 00:00:04]} Nf6 {[%clk 01:30:56]} {[%emt
00:00:04]} 2. Bf4 {[%clk 01:31:02]} {[%emt 00:00:23]} g6 {[%clk 01:31:13]}
{[%emt 00:00:14]} 3. e3 {[%clk 01:31:21]} {[%emt 00:00:10]} Bg7 {[%clk
01:31:30]} {[%emt 00:00:14]} 4. c3 {[%clk 01:31:20]} {[%emt 00:00:31]} Nh5
{[%clk 01:31:13]} {[%emt 00:00:47]} 5. Bg5 {[%clk 01:28:35]} {[%emt 00:03:16]}
h6 {[%clk 01:30:38]} {[%emt 00:01:05]} 6. Bh4 {[%clk 01:28:11]} {[%emt
00:00:54]} d6 {[%clk 01:30:45]} {[%emt 00:00:22]} 7. Be2 {[%clk 01:27:23]}
{[%emt 00:01:18]} Nf6 {[%clk 01:30:43]} {[%emt 00:00:32]} 8. Nd2 {[%clk
01:26:06]} {[%emt 00:01:47]} O-O {[%clk 01:29:47]} {[%emt 00:01:26]} 9. Ngf3
{[%clk 01:24:33]} {[%emt 00:02:03]} Nc6 {[%clk 01:25:14]} {[%emt 00:05:02]} 10.
e4 {[%clk 01:22:14]} {[%emt 00:02:49]} e5 {[%clk 01:23:45]} {[%emt 00:02:00]}
11. d5 {[%clk 01:20:38]} {[%emt 00:02:06]} Ne7 {[%clk 01:24:00]} {[%emt
00:00:15]} 12. O-O {[%clk 01:19:44]} {[%emt 00:01:24]} Nh7 {[%clk 01:20:23]}
{[%emt 00:04:07]} 13. Qc2 {[%clk 01:16:20]} {[%emt 00:03:53]} f5 {[%clk
01:11:11]} {[%emt 00:09:43]} 14. Bxe7 {[%clk 01:13:05]} {[%emt 00:03:46]} Qxe7
{[%clk 01:11:31]} {[%emt 00:00:09]} 15. exf5 {[%clk 01:12:34]} {[%emt
00:01:01]} gxf5 {[%clk 01:08:42]} {[%emt 00:03:18]} 16. Nb3 {[%clk 01:07:04]}
{[%emt 00:06:01]} Nf6 {[%clk 01:06:16]} {[%emt 00:02:55]} 17. c4 {[%clk
01:04:22]} {[%emt 00:03:13]} Qf7 {[%clk 01:03:08]} {[%emt 00:03:38]} 18. Rfd1
{[%clk 00:57:21]} {[%emt 00:07:30]} Nh5 {[%clk 00:55:53]} {[%emt 00:07:46]} 19.
c5 {[%clk 00:52:27]} {[%emt 00:05:25]} Nf4 {[%clk 00:50:04]} {[%emt 00:06:17]}
20. Bf1 {[%clk 00:50:15]} {[%emt 00:02:43]} e4 {[%clk 00:43:16]} {[%emt
00:07:18]} 21. Ne1 {[%clk 00:46:24]} {[%emt 00:04:21]} Be5 {[%clk 00:42:41]}
{[%emt 00:01:05]} 22. cxd6 {[%clk 00:39:49]} {[%emt 00:07:05]} Bxd6 {[%clk
00:42:55]} {[%emt 00:00:16]} 23. Qc3 {[%clk 00:32:15]} {[%emt 00:08:04]} Qh5
{[%clk 00:39:52]} {[%emt 00:03:32]} 24. g3 {[%clk 00:28:32]} {[%emt 00:04:13]}
Nh3+ {[%clk 00:35:06]} {[%emt 00:05:16]} 25. Bxh3 {[%clk 00:24:09]} {[%emt
00:04:54]} Qxh3 {[%clk 00:34:21]} {[%emt 00:01:14]} 26. Ng2 {[%clk 00:23:37]}
{[%emt 00:01:02]} Rf7 {[%clk 00:29:59]} {[%emt 00:04:52]} 27. Nd4 {[%clk
00:18:21]} {[%emt 00:05:47]} f4 {[%clk 00:23:56]} {[%emt 00:06:33]} 28. Qc4
{[%clk 00:11:00]} {[%emt 00:07:52]} f3 {[%clk 00:20:46]} {[%emt 00:03:39]} 29.
Ne3 {[%clk 00:11:12]} {[%emt 00:00:17]} Bf4 {[%clk 00:13:59]} {[%emt 00:07:17]}
30. Ndc2 {[%clk 00:09:37]} {[%emt 00:02:06]} Bd6 {[%clk 00:08:11]} {[%emt
00:06:18]} 1/2-1/2

[Event "DEM U18w 2024"]
[Site "Willingen GER"]
[Date "2024.05.20"]
[Round "3"]
[White "Görlach, Hanna"]
[Black "Luzgina, Anastasiia"]
[Result "1/2-1/2"]
[Termination "normal"]
[Board "10"]
[WhiteElo "1578"]
[BlackElo "1665"]
[WhiteClock "00:17:51"]
[BlackClock "01:11:34"]
[PlyCount "43"]
[WhiteFideId "34675604"]
[BlackFideId "24280860"]
[EventCountry "GER"]
[EventRounds "9"]
[EventType "swiss"]
[EventDate "2024.05.18"]

1. c4 {[%clk 01:30:55]} {[%emt 00:00:04]} e5 {[%clk 01:30:54]} {[%emt
00:00:05]} 2. g3 {[%clk 01:30:50]} {[%emt 00:00:36]} Nf6 {[%clk 01:31:10]}
{[%emt 00:00:14]} 3. Bg2 {[%clk 01:30:57]} {[%emt 00:00:24]} Nc6 {[%clk
01:31:30]} {[%emt 00:00:09]} 4. Nf3 {[%clk 01:24:39]} {[%emt 00:06:49]} Bc5
{[%clk 01:31:24]} {[%emt 00:00:34]} 5. e3 {[%clk 01:20:35]} {[%emt 00:04:36]}
O-O {[%clk 01:31:33]} {[%emt 00:00:20]} 6. O-O {[%emt 00:04:26]} d6 {[%emt
00:00:08]} 7. d4 {[%clk 01:14:47]} {[%emt 00:01:45]} exd4 {[%clk 01:31:42]}
{[%emt 00:00:20]} 8. exd4 {[%clk 01:15:04]} {[%emt 00:00:12]} Bb6 {[%clk
01:32:03]} {[%emt 00:00:08]} 9. h3 {[%clk 01:09:14]} {[%emt 00:06:23]} Bf5
{[%clk 01:32:00]} {[%emt 00:00:31]} 10. Nc3 {[%clk 00:58:31]} {[%emt 00:11:15]}
h6 {[%clk 01:31:50]} {[%emt 00:00:39]} 11. Na4 {[%clk 00:52:26]} {[%emt
00:06:36]} a6 {[%clk 01:23:12]} {[%emt 00:09:08]} 12. Nxb6 {[%clk 00:52:39]}
{[%emt 00:00:18]} cxb6 {[%clk 01:23:33]} {[%emt 00:00:08]} 13. b3 {[%clk
00:43:43]} {[%emt 00:09:26]} d5 {[%clk 01:22:00]} {[%emt 00:02:03]} 14. Ne5
{[%clk 00:35:19]} {[%emt 00:08:54]} Rc8 {[%clk 01:21:13]} {[%emt 00:01:16]} 15.
Nxc6 {[%clk 00:31:14]} {[%emt 00:04:36]} bxc6 {[%clk 01:21:28]} {[%emt
00:00:15]} 16. cxd5 {[%clk 00:27:47]} {[%emt 00:03:57]} cxd5 {[%clk 01:20:21]}
{[%emt 00:01:37]} 17. Re1 {[%clk 00:25:59]} {[%emt 00:02:18]} Rc2 {[%clk
01:18:16]} {[%emt 00:02:34]} 18. Re2 {[%clk 00:22:45]} {[%emt 00:03:45]} Rxe2
{[%clk 01:11:31]} {[%emt 00:07:15]} 19. Qxe2 {[%clk 00:23:11]} {[%emt
00:00:05]} b5 {[%clk 01:11:51]} {[%emt 00:00:09]} 20. Be3 {[%clk 00:18:21]}
{[%emt 00:05:20]} Qd7 {[%clk 01:11:26]} {[%emt 00:00:53]} 21. Kh2 {[%clk
00:18:07]} {[%emt 00:00:46]} Rc8 {[%clk 01:11:34]} {[%emt 00:00:22]} 22. Rc1
{[%clk 00:17:51]} {[%emt 00:00:46]} 1/2-1/2